| 000 | 00614nam a22001937a 4500 | ||
|---|---|---|---|
| 005 | 20150616111032.0 | ||
| 010 | _aENG-112997 | ||
| 020 |
_a9788170545682 _c600.00 |
||
| 035 | _aEN-96529 | ||
| 037 | _bDBAD/PUB | ||
| 082 | _a327.73054 | ||
| 100 | _aBiswas, Debjani | ||
| 245 |
_aIndo-US relations : _bduring the Reagan administration / _cby Debjani Biswas |
||
| 260 |
_aNew Delhi _bClassical Publishing _c2012 |
||
| 270 |
_a28- Shopping Centre, Karampura _bNew Delhi _e110015 |
||
| 300 |
_a208p. _c22cm(Hb) |
||
| 500 | _aIncludes bibliographical references | ||
| 942 |
_2ddc _cEN _mBIS _h327.73054 |
||
| 999 |
_c93478 _d93478 |
||